00245 a2200109 4500001000700000040003500007100002300042240002900065245002400094300000800118362000900126151767 cEscola São Tomás de Aquino aHIRATSUKA, Lúcia10aOs livros de Sayurilpor10aOs livros de Sayuri a1410 a2012